Unamuno, Azorín, Ortega: ensayos

Uloženo v:
Podrobná bibliografie
Hlavní autor: Livacic Gazzano, Ernesto (autor)
Médium: Kniha
Jazyk:španělština
Vydáno: Santiago Andrés Bello 1978
Edice:Biblioteca Andrés Bello, 15
Témata:
Tagy: Přidat tag
Žádné tagy, Buďte první, kdo vytvoří štítek k tomuto záznamu!

MARC

LEADER 00000nam a2200000 a 4500
001 UCZ0090
003 CL-VaPUC
005 20221118130010.0
008 950724e19780800CL |||||||||||||||||spa|d
999 |c 237063  |d 237061 
040 |c Pontificia Universidad Católica de Valparaíso 
082 0 4 |a 864  |b LIV  |2 21 
100 |a Livacic Gazzano, Ernesto  |e autor  |9 342702 
245 1 0 |a Unamuno, Azorín, Ortega: ensayos 
260 |a Santiago  |b Andrés Bello  |c 1978 
300 |a 218 p 
490 0 |a Biblioteca Andrés Bello, 15 
583 |a last modification  |c 19950724 00:00:00  |k Rodrigo Vera 
600 0 7 |a UNAMUNO, MIGUEL DE  |2 CL-VaPUC  |9 312478 
600 0 7 |a Ortega y Gasset, José,  |d 1883-1955  |9 551380 
600 0 |a Azorín,  |d 1873-1967  |q Martínez Ruiz, José   |9 353525 
650 0 |a Ensayos  |9 268724 
650 0 |a Literatura española  |9 306261 
651 0 |a España  |9 254926 
942 |c BK  |2 ddc 
945 |d 19950724 00:00:00  |a cmena 
952 |0 0  |1 0  |4 0  |6 864_000000000000000_LIV_1978  |7 0  |8 A  |9 245781  |a BIBEDU  |b BIBEDU  |d 2019-11-18  |i 1542621  |o 864 LIV 1978  |p 1542621  |r 2019-11-18  |w 2019-11-18  |y BK  |k EDU 
952 |0 0  |1 0  |4 0  |6 864_000000000000000_LIV_1978  |7 0  |8 A  |9 245782  |a BIBEDU  |b BIBEDU  |d 2019-11-18  |i 154263K  |o 864 LIV 1978  |p 154263K  |r 2019-11-18  |w 2019-11-18  |y BK  |k EDU 
952 |0 0  |1 0  |4 0  |6 864_000000000000000_LIV_1978  |7 0  |8 A  |9 245783  |a BIBEDU  |b BIBEDU  |d 2019-11-18  |i 3273644  |o 864 LIV 1978  |p 3273644  |r 2019-11-18  |w 2019-11-18  |y BK  |k LIT